000 00977nam a2200289 a 4500
001 vtls001619072
003 NLI
005 20210628133950.0
008 121214s1957 ii 000 0 ben
039 9 _y201212141936
_zVLOAD
040 _aNLI
_bhineng
_cDatasoft_Hindi_Child
_eAACR2
041 0 _ahin
044 _a ii
084 _aH Sc
100 0 _6880-01
_aप्रेमचन्द
_d1880 - 1936
_9702727
245 1 0 _6880-02
_aदो बहनें :
_bऔर अन्य कहानियाँ /
_cप्रेमचन्द
260 _aबनारस :
_bसरस्वती प्रेस,
_c1957
300 _a64 p. ;
_c19 cm.
650 0 _aChildren's literature
_9715727
880 _6100-01 (B
_aPremacand
880 _6245-02 (B
_aDo bahaneṁ :
_baur anya kahāniyāṁ /
_cPremacanda
887 _a
901 _a1016
_b16.01.1960
902 _aH Sc P
949 _AVIRTUAITEM
_D10000
_X100
_6CHD000001016HIN
942 _2ddc
_cBKS
999 _aVIRTUA40
_c1069508
_d1069508